| 000 | 00764nam a22002057a 4500 | ||
|---|---|---|---|
| 005 | 20251108172952.0 | ||
| 008 | 250721s9999 xx 000 0 ara d | ||
| 082 | 1 | 4 | _a581/نوف |
| 100 | 1 | _aنوفل، يوسف يونس | |
| 245 | 1 | 0 | _aالبيئة النباتية جنة خضراء .......... ثمارها ينعاء / |
| 264 | 1 |
_aالمنصورة : _bمكتبة جزيرة الورد، |
|
| 300 | _a80 ص | ||
| 490 | 0 | _aدائرة معارف بيئتنا الحضارية سفينتنا الربانية محو فقه بيئي إسلامي معاصر | |
| 650 | 1 | 7 | _aعلم النبات |
| 650 | 1 | 7 | _aالإسلام |
| 700 | 1 | _aعبدالغفار، أحمد | |
| 700 | 1 | _aالبديوي، محمد مختار | |
| 942 |
_2ddc _cBK |
||
| 999 |
_c93003 _d93003 |
||